000 00752nam a22001937a 4500
003 OSt
005 20250829061441.0
008 250829b |||||||| |||| 00| 0 eng d
020 _a9780170227
040 _aDWC-Main Lib.
_cOC
082 _25th ed.
100 _aHANSON, DALLAS
245 _aStrategic management :
_bcompetitiveness and globalisation
_cHANSON, DALLAS
260 _aAustralia :
_bCengage Learning,
_cc2014.
300 _axxxii, 573 pages :
_bcolor illustrations ;
_c26 cm.
504 _aIncludes index.
650 _a1. Industrial management. 2. Strategic planning. 3. Competition. I. Hanson, Dallas. II. Hitt, Michael A. III. Ireland, R. Duane. IV. Hoskisson, Robert E. V. Title.
942 _2ddc
_cBK-CIRC
_hCirc.
_n0
999 _c4345
_d4345